Europe in the World Economy Procedings of the Meeting of a Panel of Experts Held at the Institute for World Economics of the Hungarian Academy of Sciences, Budapest, May 12 - 13, 1986
Saved in:
| Other Authors: | , |
|---|---|
| Format: | Book |
| Language: | English |
| Published: |
Budapest
Hungarian Scientific Council for World Economy
1986
|
| Series: | Trends in the World Economy
|
| Tags: |
No Tags, Be the first to tag this record!
|
MARC
| LEADER | 00000nam a2200000 4500 | ||
|---|---|---|---|
| 001 | c041744 | ||
| 005 | 20221220071459.3 | ||
| 041 | 0 | |a eng | |
| 044 | |a HU | ||
| 245 | 1 | 0 | |a Europe in the World Economy |b Procedings of the Meeting of a Panel of Experts Held at the Institute for World Economics of the Hungarian Academy of Sciences, Budapest, May 12 - 13, 1986 |c Edit. J. Bognár, B. Balkay |
| 264 | 1 | |a Budapest |b Hungarian Scientific Council for World Economy |c 1986 | |
| 300 | |a 156 s. | ||
| 490 | 1 | |a Trends in the World Economy | |
| 830 | 0 | |a Trends in the World Economy | |
| 700 | 1 | |a Bognár, J. | |
| 700 | 1 | |a Balkay, B. | |